000 00433nam a2200181Ia 4500
001 17798
005 20260306171543.0
008 260306s9999||||xx |||||||||||||| ||und||
041 _aESP
082 _a658.2
_bR766
100 _aRoper, Kathy O.,
_eAUT
245 4 _aThe facility management handbook
260 _c2014
300 _aviii, 674 páginas :
_c25 cm.
650 _aGEN
654 _aCIC
942 _cLIB
_dJUS
_fJUS
_2ddc
_n
999 _c17798
_d17798